| 000 | 01636cam a22003254a 4500 | ||
|---|---|---|---|
| 999 |
_c2135 _d2135 |
||
| 001 | 13317457 | ||
| 003 | GZU | ||
| 005 | 20201027160120.0 | ||
| 008 | 030819s2003 dcua b 001 0 eng | ||
| 010 | _a 2003018460 | ||
| 020 | _a0815776764 (cloth : alk. paper) | ||
| 040 |
_aDLC _cDLC _dDLC |
||
| 042 | _apcc | ||
| 043 | _aa-ja--- | ||
| 050 | 0 | 0 |
_aHC462.95 _b.SAK 2003 |
| 100 | 1 |
_aSakakibara, Eisuke. _eauthor |
|
| 245 | 1 | 0 |
_aStructural reform in Japan : _bbreaking the iron triangle / _cEisuke Sakakibara. |
| 260 |
_aWashington, D.C. : _bBrookings Institution Press, _cc2003. |
||
| 300 |
_axix, 167 p. : _bill. ; _c24 cm. |
||
| 504 | _aIncludes bibliographical references and index. | ||
| 505 | 0 | _aCollapse and transformation -- Japan's modernization and industrialization -- The formation and collapse of the public construction state -- From structural reform to institutional reform -- Development of global corporations -- The Japanese banking system and its nonperforming loan problem -- Reopening Japan and reforming the foreign policy regime -- The formation of the Japanese meritocracy system -- The central versus local government debate -- Fundamental change in agricultural policy -- Health care reform -- Building a new nation. | |
| 650 | 0 |
_aCapitalism _zJapan. |
|
| 650 | 0 |
_aBanks and banking _zJapan. |
|
| 651 | 0 |
_aJapan _xEconomic conditions _y1989- |
|
| 651 | 0 |
_aJapan _xEconomic policy _y1989- |
|
| 651 | 0 |
_aJapan _xSocial policy. |
|
| 856 | 4 | 1 |
_3Table of contents _uhttp://www.loc.gov/catdir/toc/ecip048/2003018460.html |
| 906 |
_a7 _bcbc _corignew _d1 _eecip _f20 _gy-gencatlg |
||
| 942 |
_2lcc _cBK _h462.95 _iSAK _kHC |
||